Detalles MARC
| 000 -LIDER |
| fixed length control field |
01077nam a2200325 a 4500 |
| 001 - NÚMERO DE CONTROL |
| Identificador de número de control |
0000420 |
| 003 - IDENTIFICACDOR DE NÚMERO DE CONTROL |
| control field |
DO-SdBNP |
| 005 - DATE AND TIME OF LATEST TRANSACTION |
| control field |
20170918103812.0 |
| 007 - CAMPOS FIJOS DE DESCRIPCIÓN FÍSICA |
| fixed length control field |
0000420 |
| 008 - ELEMENTOS DE LONGITUD FIJA |
| fixed length control field |
091125s1988 sp a 000 0 spa d |
| 020 ## - ISBN |
| International Standard Book Number |
847655639X |
| 040 ## - FUENTE DE CATALOGACIÓN |
| Agencia que crea de manera original el registro |
BPMSU |
| Idioma de catalogación |
spa |
| Agencia que realiza la transcripción |
BPMSU |
| 082 #4 - NÚMERO DE CLASIFICACIÓN DECIMAL DE DEWEY |
| Classification number |
909 |
| Item number |
M645c |
| 100 1# - ASIENTO PRINCIPAL -- NOMBRE PERSONAL |
| Nombre personal |
Millard, Anne |
| 245 10 - MENCIÓN DE TITULO |
| Título |
Cómo ha vivido la humanidad / |
| Mención de responsabilidad |
Anne Millard ; ilustraciones Sergio ; traducción Javier Gómez Rea |
| 260 0# - PUBLICACIÓN, DISTRIBUCIÓN, ETC. (PIE DE IMPRENTA) |
| Lugar de publicación, distribución, etc |
[España] : |
| Nombre del editor, distribuidor, etc. |
Plaza joven, |
| Fecha de publicación, distribución, etc |
1988. |
| 300 ## - DESCRIPCIÓN FÍSICA |
| Extensión |
64 p. : |
| Otros detalles físicos |
il. ; |
| Dimensiones |
29 cm. |
| 490 1# - MENCIÓN DE SERIES |
| Mención de serie |
Ventana al mundo |
| 500 ## - NOTA GENERAL |
| Nota general |
Incluye índice de nombres |
| 505 0# - NOTA DE CONTENIDO |
| Título |
Gente del pasado -- |
| -- |
Cavernas protectoras -- |
| -- |
Vuelven los cazadores -- |
| -- |
Los primeros agricultores -- |
| -- |
La primera ciudad -- |
| -- |
Las ciudades-estado -- |
| -- |
t |
| 650 #4 - ENCABEZAMIENTO DE MATERIA--TEMÁTICO |
| Término temático o nombre geográfico como elemento de entrada |
CIVILIZACIÓN |
| 650 #4 - ENCABEZAMIENTO DE MATERIA--TEMÁTICO |
| Término temático o nombre geográfico como elemento de entrada |
HISTORIA ANTIGUA |
| 700 02 - ASIENTO SECUNDARIO -- NOMBRE PERSONAL |
| Nombre personal |
Sergio |
| Mención de responsabilidad |
il. |
| 700 1# - ASIENTO SECUNDARIO -- NOMBRE PERSONAL |
| Nombre personal |
Gómez Rea, Javier |
| Mención de responsabilidad |
trad. |
| 830 #0 - ASIENTO SECUNDARIO DE SERIE--TÍTULO UNIFORME |
| Título uniforme |
Ventana al mundo |
| 910 ## - VALIDACIÓN |
| Validación |
Validado. Control de calidad MFF |
| 942 ## - ADDED ENTRY ELEMENTS (KOHA) |
| Source of classification or shelving scheme |
Dewey Decimal Classification |
| Koha item type |
Libros |
| 945 ## - INFORMACIÓN DE PROCESAMIENTO LOCAL |
| Información de procesamiento local |
Inventariado, 2017/MFF |
| 956 ## - LOCAL ELECTRONIC LOCATION AND ACCESS (OCLC) |
| Nombre de host |
Yngrid Lockward |
| Número de acceso |
10 |